<?xml version="1.0" encoding="UTF-8"?>
<collection xmlns="http://www.loc.gov/MARC21/slim">
 <record>
  <leader>00951nas a22002531  4500</leader>
  <controlfield tag="001">1/50835</controlfield>
  <controlfield tag="008">011114c19889999ne qnzp           a0eng d</controlfield>
  <datafield tag="022" ind1=" " ind2=" ">
   <subfield code="a">0922-1425</subfield>
  </datafield>
  <datafield tag="035" ind1=" " ind2=" ">
   <subfield code="l">23031</subfield>
  </datafield>
  <datafield tag="090" ind1=" " ind2=" ">
   <subfield code="a">Αλφαβητική σειρά</subfield>
  </datafield>
  <datafield tag="245" ind1="0" ind2="0">
   <subfield code="a">Japan and the world economy</subfield>
  </datafield>
  <datafield tag="260" ind1=" " ind2=" ">
   <subfield code="a">Amsterdam :</subfield>
   <subfield code="b">North-Holland,</subfield>
   <subfield code="c">1988-</subfield>
  </datafield>
  <datafield tag="300" ind1=" " ind2=" ">
   <subfield code="a">v. ;</subfield>
   <subfield code="c">24 cm</subfield>
  </datafield>
  <datafield tag="310" ind1=" " ind2=" ">
   <subfield code="a">4 no. a year,</subfield>
   <subfield code="b">1991-1999</subfield>
  </datafield>
  <datafield tag="362" ind1="0" ind2=" ">
   <subfield code="a">Vol.3, no.1(Jan. 1991)-v.7, no.4(Oct. 1995)</subfield>
  </datafield>
  <datafield tag="362" ind1="0" ind2=" ">
   <subfield code="a">Vol.10, no.1(Jan. 1998)-v.11, no.4(Oct. 1999)</subfield>
  </datafield>
  <datafield tag="546" ind1=" " ind2=" ">
   <subfield code="a">English</subfield>
  </datafield>
  <datafield tag="535" ind1="0" ind2=" ">
   <subfield code="a">Κλειστό Βιβλιοστάσιο.</subfield>
  </datafield>
  <datafield tag="650" ind1=" " ind2="4">
   <subfield code="a">International economic relations</subfield>
   <subfield code="v">Periodicals.</subfield>
  </datafield>
  <datafield tag="650" ind1=" " ind2="4">
   <subfield code="a">Economics</subfield>
   <subfield code="z">Japan</subfield>
   <subfield code="v">Periodicals.</subfield>
  </datafield>
  <datafield tag="856" ind1="4" ind2="1">
   <subfield code="u">http://www.sciencedirect.com/science/journal/09221425</subfield>
  </datafield>
  <datafield tag="950" ind1=" " ind2=" ">
   <subfield code="c">ΑΡΧΕΙΟ ΠΕΡΙΟΔΙΚΩΝ</subfield>
   <subfield code="d">427</subfield>
  </datafield>
  <datafield tag="951" ind1=" " ind2=" ">
   <subfield code="a">Vol.10 no.1(Jan. 1998) -  (v.11 no.4(Oct. 1999)</subfield>
   <subfield code="b">Main run</subfield>
  </datafield>
  <datafield tag="951" ind1=" " ind2=" ">
   <subfield code="a">Vol.3 no.1(Jan. 1991) -  (v.7 no.4(Oct. 1995)</subfield>
   <subfield code="b">Main run</subfield>
  </datafield>
 </record>
</collection>
